Enterprise and empire : merchant and gentry investment in the expansion of England, 1575-1630 /

This book is divided into two parts: Patterns of Investment; The data.

Đã lưu trong:
书目详细资料
主要作者: Rabb, Theodore K.
格式: 图书
语言:English
出版: London ; New York : Routledge/Thoemmes Press, 1999.
主题:
标签: 添加标签
没有标签, 成为第一个标记此记录!
Thư viện lưu trữ: Mạng thư viện Đại học Đà Nẵng
LEADER 01171cam a2200397 i 4500
001 000049537
003 9287
005 20030311102116.0
008 010316|1999 vm 000 eng
020 |a 0415190754 
040 |a IRC  |c IRC  |d IRC 
041 0 |a eng 
082 1 4 |a 338.88  |b RA-T 
100 1 |a Rabb, Theodore K. 
245 0 0 |a Enterprise and empire :  |b merchant and gentry investment in the expansion of England, 1575-1630 /  |c Theodore K. Rabb. 
260 |a London ; New York :  |b Routledge/Thoemmes Press,  |c 1999. 
300 |a ix, 420 p. :  |b ill. ;  |c 21.5cm. 
520 3 |a This book is divided into two parts: Patterns of Investment; The data. 
630 0 4 |a Economics. 
630 0 4 |a Great Britain. 
630 0 4 |a Merchants. 
630 0 4 |a England. 
650 0 4 |a Colonial companies. 
650 0 4 |a Merchants  |z England. 
650 0 4 |a Great Britain  |b Commerce  |x History. 
651 4 |a Great Britain  |x Commerce  |x History. 
OWN |a DUT 
999 |a From the UDN01 
TYP |a Monograph 
TYP |a Printed language 
980 |a Mạng thư viện Đại học Đà Nẵng